Auto CAD 2009 and auto CAD LT 2009 Bible (Record no. 56453)
[ view plain ]
| 000 -LEADER | |
|---|---|
| fixed length control field | 00556nam a2200193 a 4500 |
| 005 - DATE AND TIME OF LATEST TRANSACTION | |
| control field | 20130803143414.0 |
| 008 - FIXED-LENGTH DATA ELEMENTS--GENERAL INFORMATION | |
| fixed length control field | 960221s1955 dcuabcdjdbkoqu001 0deng d |
| 020 ## - INTERNATIONAL STANDARD BOOK NUMBER | |
| International Standard Book Number | 9788126517862 |
| 080 ## - UNIVERSAL DECIMAL CLASSIFICATION NUMBER | |
| Universal Decimal Classification number | 004.896 |
| Item number | FIN |
| 100 ## - MAIN ENTRY--PERSONAL NAME | |
| Personal name | Finkelstein, Ellen |
| 245 ## - TITLE STATEMENT | |
| Title | Auto CAD 2009 and auto CAD LT 2009 Bible |
| 260 ## - PUBLICATION, DISTRIBUTION, ETC. (IMPRINT) | |
| Place of publication, distribution, etc | New Delhi |
| Name of publisher, distributor, etc | Wiley India |
| Date of publication, distribution, etc | 2009 |
| 300 ## - PHYSICAL DESCRIPTION | |
| Extent | xliv, 1226p. |
| 490 ## - SERIES STATEMENT | |
| Series statement | include DVD |
| 500 ## - GENERAL NOTE | |
| General note | |
| 653 ## - INDEX TERM--UNCONTROLLED | |
| Uncontrolled term | Auto CAD 2009-Computer drawings |
| -- | Auto CAD LT 2009-Computer drawings |
| -- | Computer science |
| 942 ## - ADDED ENTRY ELEMENTS (KOHA) | |
| item type | Books |
| 003 - CONTROL NUMBER IDENTIFIER | |
| control field | ViArRB |
| Lost status | Source of classification or shelving scheme | Not for loan | Home library | Current library | Shelving location | Date acquired | Total Checkouts | Full call number | Barcode | Date last seen | Date checked out | Price effective from | Koha item type |
|---|---|---|---|---|---|---|---|---|---|---|---|---|---|
| Universal Decimal Classification | University Library | University Library | Secondary Collection | 16/06/2010 | 1 | 004.896 FIN | 00063710 | 07/01/2011 | 13/12/2010 | 16/06/2010 | Books |
